000 01006naa a22002777a 4500
001 BR8002580
003 BR-BrBNA
005 20240918174550.0
007 ta
008 230509b bl.||||| |||| 00| 0 por d
040 _aBR-BrBNA
_bpor
_cBiblioteca Nacional de Agricultura
041 _a(Pt)
072 _aE10
_b/G514
090 _aE10 BR8002580
100 1 _aRocha, S.
245 1 _aAs recentes medidas de politica economica e as perspectivas para o desempenho do setor agricola em 1980 [Brasil]
260 3 _aBrasilia, DF (Brasil):
_c1980.
500 _aNotas sobre os principais acontecimentos na agricultura brasileira Brasilia, DF (Brasil): 1980. p. 1-10 (BR8002580-AM)E10
650 _aMacroeconomia
650 _aPolitica economica
650 _aAgricultura
650 _aPecuaria
773 0 _tNotas sobre os principais acontecimentos na agricultura brasileira
_b
_wE10 BR8002580
_gBrasilia, DF (Brasil), 1980. p. 1-10
909 _a202404
_bLucia
_c55
_dLucia Elande
942 _cAM
_2AGRIS
999 _c312041
_d312041